00317nam a2200121Ia 4500008004100000100003100041245005800072260002200130300000900152650001200161942000700173999001500180190216s9999||||xx |||||||||||||| ||und|| a"Motewar Sn, Domkundwar S" 0aCourse Computer Programming With Numerical Techniques bDhanpat Raic1994 a962p aPhysics cBK c8454d8454